25 More Iconic Movie Moments Quiz Stats

Quiz Updated Jan 31, 2016

Challenge
Share
Tweet
Score 0/25 Timer 10:00
7 Plays Today
% Correct
Raiders of the Lost Ark
98.8%
Ghostbusters
98.2%
Back to the Future
98.1%
The Sound of Music
95.4%
Breakfast at Tiffany's
88.3%
The Shining
87.8%
The Sixth Sense
85.9%
Die Hard
85.7%
Who Framed Roger Rabbit
85.6%
Scarface
84.2%
Alien
84.1%
The Shawshank Redemption
83.7%
Lawrence of Arabia
83.7%
% Correct
Big
82.8%
Schindler's List
82.4%
Goldfinger
80.8%
Thelma & Louise
76.4%
A Clockwork Orange
75.7%
Goodfellas
73.8%
Bonnie and Clyde
69.9%
American History X
64.6%
Reservoir Dogs
63.2%
Some Like it Hot
62.7%
Full Metal Jacket
62.2%
Vertigo
44.7%

You're not logged in!

Compare scores with friends on all Sporcle quizzes.
Sign Up with Email
OR
Log In

You Might Also Like...

Show Comments

Extras

Top Quizzes Today


Score Distribution

Your Account Isn't Verified!

In order to create a playlist on Sporcle, you need to verify the email address you used during registration. Go to your Sporcle Settings to finish the process.